000 00684nam a22002297a 4500
003 UA-OsUOA
001 129310
007 ta
008 20180226b un ||||| |||| 00| 0 ukr d
100 _aСегін Л.
700 _aТищенко Л.
090 _a81
_bС28
942 _cSA
040 _aUA-OsUOA
_bukr
_cUA-OsUOA
_dUA-OsUOA
245 _aТестове оцінювання під час викладання старослов'янської мови
300 _aС.28-37
955 _a0
041 _aukr
080 _a81
773 0 _w129308
650 7 _a8 Мовознавство. Художня література. Літературознавство
_2UDC
999 _c417152
_d417152